Welcome to the Holygrace Academy Library

Please use search bar below to get started

POOH'S WORKOUT BOOK (Record no. 3580)

MARC details
000 -LEADER
fixed length control field 00416nam a22001457a 4500
020 ## - INTERNATIONAL STANDARD BOOK NUMBER
ISBN 0-7493-0193-7
082 ## - DEWEY DECIMAL CLASSIFICATION NUMBER
Classification number 823
Item number MOR/P
100 ## - MAIN ENTRY--AUTHOR NAME
Personal name MORDDEN, ETHAN
245 ## - TITLE STATEMENT
Title POOH'S WORKOUT BOOK
260 ## - PUBLICATION, DISTRIBUTION, ETC. (IMPRINT)
Place of publication GREAT BRITAIN
Name of publisher MANDARIN
Year of publication 1994
300 ## - PHYSICAL DESCRIPTION
Number of Pages 170
520 ## - SUMMARY, ETC.
Summary, etc ...TONE UP YOUR MUSCLES AND STRIDE THROUGH THE FOREST LIKE A BEAR OF GREAT STRENGTH
650 ## - SUBJECT ADDED ENTRY--TOPICAL TERM
Topical Term CHILDREN'S STORY BOOK
Geographic subdivision UNITED KINGDOM
942 ## - ADDED ENTRY ELEMENTS (KOHA)
Koha item type Books
Holdings
Withdrawn status Lost status Collection code Home library Current library Shelving location Date acquired Source of acquisition Full call number Accession Number Koha item type Cost, normal purchase price
    Fiction Main Library Main Library SHELF 14 H ALPHEBETICAL - M-FICTION 21/03/2014 purchase 823 MOR/P 08045 Books  
    G.K Main Library Main Library SHELF-17E-SCIENCE RELATED BOOKS 10/10/2006 PURCHASE 823 MOR/P 01884 Books 50.00